[Event "FSGM July"]
[Site "Budapest HUN"]
[Date "2005.07.12"]
[Round "11"]
[White "Lorscheid,G"]
[Black "Ilincic,Z"]
[Result "0-1"]
[WhiteElo "2285"]
[BlackElo "2470"]

1.d4 Nf6 2.c4 e6 3.Nc3 Bb4 4.Nf3 b6 5.Bg5 h6 6.Bh4 Bb7 7.Nd2 Nc6 8.a3 Bxc3
9.bxc3 Ne7 10.f3 Nf5 11.Bf2 d5 12.Qa4+ Qd7 13.Qxd7+ Kxd7 14.e3 Nd6 15.Rb1 Rhb8
16.Be2 a5 17.Bg3 Ba6 18.Bxd6 cxd6 19.Kf2 dxc4 20.Bxc4 Bxc4 21.Nxc4 b5 22.Nd2 Nd5
23.Rhc1 b4 24.c4 Nc3 25.Rb3 e5 26.dxe5 dxe5 27.Ra1 Na4 28.axb4 axb4 29.Kg3 Kc6
30.Rab1 Nc3 31.R1b2 Ra2 32.Rxa2 Nxa2 33.Rb2 Nc1 34.Rc2 Nd3 35.Ra2 b3 36.Ra7 b2
37.Rxf7 Rd8 38.Rxg7 Nf4  0-1

[Event "16th Open"]
[Site "Ljubljana SLO"]
[Date "2005.07.15"]
[Round "9"]
[White "Soln,P"]
[Black "Jazbinsek,S"]
[Result "1-0"]
[WhiteElo "2351"]
[BlackElo "2233"]

1.d4 Nf6 2.c4 e6 3.Nf3 Bb4+ 4.Nc3 Nc6 5.Bg5 h6 6.Bh4 g5 7.Bg3 Ne4 8.Rc1 Qf6
9.e3 d6 10.Bd3 Bxc3+ 11.bxc3 Nxg3 12.fxg3 Bd7 13.O-O Qg7 14.Qb3 b6 15.c5 O-O
16.cxd6 cxd6 17.Qa3 d5 18.c4 dxc4 19.Rxc4 Rac8 20.Rfc1 Rfd8 21.R4c3 Qf8 22.Qxf8+ Kxf8
23.Ba6 Rb8 24.Rxc6 Bxc6 25.Rxc6 b5 26.Ne5 f6 27.Nd3 e5 28.Nc5 Kf7 29.Rc7+ Kg6
30.Nd7 exd4 31.exd4 Ra8 32.Bb7  1-0

[Event "Politiken Cup"]
[Site "Copenhagen DEN"]
[Date "2005.07.17"]
[Round "3"]
[White "Joensson,K"]
[Black "Schandorff,L"]
[Result "0-1"]
[WhiteElo "2124"]
[BlackElo "2519"]

1.d4 Nf6 2.c4 e6 3.Nc3 Bb4 4.Nf3 d5 5.e3 O-O 6.Bd3 c5 7.O-O Nc6 8.a3 Ba5
9.h3 dxc4 10.Bxc4 Qe7 11.Qe2 Rd8 12.dxc5 Bxc3 13.bxc3 Ne4 14.Bb2 Nxc5 15.a4 Qc7
16.Nd4 Na5 17.Rfd1 a6 18.Bd3 Nxd3 19.Qxd3 Bd7 20.Qc2 Nc4 21.Ba3 e5 22.Ne2 Be6
23.a5 Rxd1+ 24.Qxd1 Qxa5 25.Bb4 Qc7 26.Qa4 b5 27.Ba5 bxa4 28.Bxc7 a3 29.f4 f6  0-1

[Event "Open"]
[Site "Ghent BEL"]
[Date "2005.07.18"]
[Round "5"]
[White "Konings,F"]
[Black "Sadkowsky,D"]
[Result "1/2-1/2"]
[WhiteElo "2228"]
[BlackElo "2311"]

1.d4 Nf6 2.c4 e6 3.Nc3 Bb4 4.Nf3 c5 5.g3 cxd4 6.Nxd4 O-O 7.Bg2 d5 8.cxd5 Nxd5
9.Qb3 Nc6 10.Nxc6 bxc6 11.O-O Qb6 12.e4 Nxc3 13.bxc3 Bc5 14.Qxb6 axb6 15.e5 Ba6
16.Rd1 Bb5 17.Be4 Ba4 18.Re1 Rfd8 19.Kg2 h6 20.h4 Ra7 21.g4 Rad7 22.g5 Rd1  1/2-1/2

[Event "Open"]
[Site "Ghent BEL"]
[Date "2005.07.18"]
[Round "5"]
[White "Maes,T"]
[Black "Bagaturov,G"]
[Result "1/2-1/2"]
[WhiteElo "2195"]
[BlackElo "2428"]

1.d4 Nf6 2.c4 e6 3.Nc3 Bb4 4.Nf3 c5 5.g3 cxd4 6.Nxd4 Ne4 7.Qd3 Qa5 8.Nb3 Qf5
9.Qe3 Nc6 10.Bg2 Nd6 11.c5 Nc4 12.Qd3 Qxd3 13.exd3 N4e5 14.d4 Bxc3+ 15.bxc3 Nd3+
16.Ke2 Nxc1+ 17.Rhxc1 b6 18.Bxc6 dxc6 19.a4 Ke7 20.a5 b5 21.Rcb1 Rd8 22.Nc1 e5
23.Ke3 exd4+ 24.cxd4 Bf5 25.Rb2 Kf6 26.Na2 Rd7 27.Rd2 Re8+ 28.Kf3 Be4+ 29.Ke3 g5
30.f3 Bd5+ 31.Kf2 Bxa2 32.Raxa2 Red8 33.Ke3 Ke6 34.h4 gxh4 35.g4 h5 36.gxh5 Rh8
37.Rh2 Rxh5 38.Rag2 Kd5 39.Kd3 Ke6 40.Rg4 Rxc5 41.Rhxh4 Rf5 42.Re4+ Kd5 43.Ke3 c5
44.Rh8 c4 45.Rc8 Kd6 46.a6 Rc7 47.Ree8 Kc6 48.Ke4 Rh5 49.d5+ Kb6 50.d6 Rd7
51.Re5 Rxe5+ 52.Kxe5 Kxa6 53.Kd5 Kb7  1/2-1/2

[Event "Open A"]
[Site "Pardubice CZE"]
[Date "2005.07.22"]
[Round "1"]
[White "Lorscheid,G"]
[Black "Jankovic,A"]
[Result "1/2-1/2"]
[WhiteElo "2285"]
[BlackElo "2475"]

1.d4 Nf6 2.c4 e6 3.Nc3 Bb4 4.Nf3 c5 5.g3 O-O 6.Bg2 d5 7.cxd5 Nxd5 8.Bd2 cxd4
9.Nxd5 Bxd2+ 10.Qxd2 Qxd5 11.Qxd4 Qb5 12.Ne5 Nd7 13.Nxd7 Qxd7 14.Qxd7 Bxd7  1/2-1/2

[Event "WYb18"]
[Site "Belfort FRA"]
[Date "2005.07.25"]
[Round "7"]
[White "Margvelashvili,G"]
[Black "Bitelmajer,M"]
[Result "0-1"]
[WhiteElo "2353"]
[BlackElo "2243"]

1.d4 Nf6 2.c4 e6 3.Nc3 Bb4 4.Nf3 Bxc3+ 5.bxc3 d6 6.Qc2 b6 7.e4 Bb7 8.Bd3 Nbd7
9.O-O e5 10.Re1 O-O 11.Nd2 Re8 12.Nf1 Nf8 13.f3 Nh5 14.Ng3 Nf4 15.Bf1 Bc8
16.Be3 N8g6 17.a4 h5 18.a5 h4 19.Nf5 Qf6 20.axb6 cxb6 21.c5 bxc5 22.dxc5 d5
23.Nd6 Rd8 24.Rad1 Be6 25.g3 Nh3+ 26.Bxh3 Bxh3 27.exd5 hxg3 28.hxg3 Qxf3
29.Qf2 Qg4 30.c4  0-1

[Event "Open A"]
[Site "Pardubice CZE"]
[Date "2005.07.25"]
[Round "4"]
[White "Pedersen,Nic"]
[Black "Venkatesh,M"]
[Result "1-0"]
[WhiteElo "2488"]
[BlackElo "2435"]

1.d4 Nf6 2.c4 e6 3.Nc3 Bb4 4.Nf3 c5 5.g3 O-O 6.Bg2 cxd4 7.Nxd4 d5 8.cxd5 Nxd5
9.Qb3 Nc6 10.Nxc6 bxc6 11.O-O Rb8 12.a3 Bd6 13.Qa4 Qc7 14.Ne4 Be5 15.Qc2 Qb6
16.Ng5 g6 17.e4 Nc7 18.Nf3 Bg7 19.Bf4 Rb7 20.Rab1 Nb5 21.Be3 Qa6 22.Rfc1 Rd7
23.Bf1 Qb7 24.Qxc6 Nd6 25.Bf4 Qxc6 26.Rxc6 Nxe4 27.Bb5 Bb7 28.Rc2 Rdd8 29.Rc7 Nc5
30.b4 Be4 31.Re1 Bxf3 32.bxc5 e5 33.Be3 Rb8 34.a4 Rfc8 35.Rxa7 Bf8 36.Rc1 Bc6
37.Bc4 Be8 38.a5 Kg7 39.Ba6 Rd8 40.c6 Ba3 41.c7 Bxc1 42.cxb8=Q Rxb8 43.Bxc1 Bc6
44.Rc7 Bf3 45.Bf1 Rd8 46.Be3  1-0

[Event "Open A"]
[Site "Pardubice CZE"]
[Date "2005.07.28"]
[Round "7"]
[White "Pedersen,Nic"]
[Black "Richter,Mic"]
[Result "1/2-1/2"]
[WhiteElo "2488"]
[BlackElo "2415"]

1.d4 Nf6 2.c4 e6 3.Nc3 Bb4 4.Nf3 b6 5.Bg5 Bb7 6.e3 h6 7.Bh4 g5 8.Bg3 Ne4
9.Qc2 Bxc3+ 10.bxc3 d6 11.Bd3 f5 12.d5 Nd7 13.Bxe4 fxe4 14.Qxe4 Qf6 15.Qxe6+ Qxe6
16.dxe6 Nc5 17.O-O Bxf3 18.gxf3 Nxe6 19.h4 Kd7 20.hxg5 hxg5 21.Kg2 a5 22.Rh1 Kc6
23.Rxh8 Rxh8 24.f4 gxf4 25.exf4 Nc5 26.Kf3 Na4 27.f5 Nxc3 28.Kg4 Rg8+ 29.Kh5 Ne4
30.Bh4 Rh8+ 31.Kg4 Rg8+ 32.Kf4 Rh8 33.Kxe4 Rxh4+ 34.f4 Kd7 35.Rg1 Rh7 36.f6 Ke6
37.Rg7 Rh2 38.Rxc7 Kxf6 39.a3 Ra2 40.Rc6 Ke7 41.Rxb6 Rxa3 42.Rb7+ Kf6 43.f5 Ra1
44.Rb6 Re1+ 45.Kd5 Rd1+ 46.Ke4 Re1+ 47.Kf4 Rf1+ 48.Ke3 Rxf5 49.Rxd6+ Ke7
50.Rd3 Rh5 51.Kd2 Rh6 52.Kc3 Rd6 53.Rh3 Kd7 54.Rh5 Kc7 55.Rxa5 Rh6 56.Kb4 Rg6
57.Kb5 Rh6 58.Ra7+ Kc8 59.Ra6 Rxa6 60.Kxa6 Kc7 61.Kb5  1/2-1/2

[Event "15th ETC"]
[Site "Gothenburg SWE"]
[Date "2005.07.30"]
[Round "1"]
[White "Thorfinnsson,Br"]
[Black "Gashimov,V"]
[Result "0-1"]
[WhiteElo "2448"]
[BlackElo "2594"]

1.d4 Nf6 2.c4 e6 3.Nc3 Bb4 4.Nf3 c5 5.d5 d6 6.Bg5 h6 7.Bh4 Bxc3+ 8.bxc3 e5
9.Qc2 O-O 10.Nd2 Nbd7 11.e3 Qa5 12.Bd3 b5 13.cxb5 Nxd5 14.Be4 N7b6 15.c4 Nb4
16.Qb1 d5 17.Bh7+ Kh8 18.a3 Na6 19.O-O Qxd2 20.bxa6 e4 21.Rd1 Qe2 22.cxd5 Kxh7
23.Qxe4+ Kg8 24.Be7 Re8 25.d6 Qxa6 26.a4 Be6 27.f4 Nd7 28.f5 Bb3 29.Rf1 f6
30.Rf3 Rab8 31.Rg3 Rb4 32.Qf3 Bf7  0-1

[Event "It"]
[Site "Charleroi BEL"]
[Date "2005.07.31"]
[Round "3"]
[White "Meessen,R"]
[Black "Brunner,N"]
[Result "1/2-1/2"]
[WhiteElo "2314"]
[BlackElo "2386"]

1.d4 Nf6 2.c4 e6 3.Nc3 Bb4 4.Nf3 c5 5.dxc5 Ne4 6.Qd4 Qf6 7.Bd2 Nxd2 8.Qxf6 gxf6
9.Nxd2 Na6 10.Rc1 Nxc5 11.g3 a5 12.Bg2 Ke7 13.O-O f5 14.Rfd1 Bxc3 15.Rxc3 a4
16.Ra3 Ra6 17.Ra1 Rd6 18.Nf3 Rb6 19.Rb1 d6 20.Ne1 Bd7 21.b4 axb3 22.axb3 Rc8
23.Nd3  1/2-1/2

[Event "15th ETC"]
[Site "Gothenburg SWE"]
[Date "2005.07.31"]
[Round "2"]
[White "Vaganian,R"]
[Black "Ong,Kez"]
[Result "1-0"]
[WhiteElo "2614"]
[BlackElo "2371"]

1.d4 Nf6 2.c4 e6 3.Nc3 Bb4 4.Nf3 c5 5.g3 cxd4 6.Nxd4 O-O 7.Bg2 d5 8.O-O dxc4
9.Qa4 Na6 10.Ndb5 Qe7 11.a3 Bxc3 12.Nxc3 Bd7 13.Qxc4 Bc6 14.Bxc6 Rfc8 15.b4 Rxc6
16.Qb3 Rac8 17.Nb5 b6 18.Bg5 Nb8 19.Bxf6 gxf6 20.Qf3 a6 21.Nd4 Rc3 22.e3 Nc6
23.Nxc6 R3xc6 24.Rfd1 f5 25.Rd4 Kg7 26.Rad1 Rc1 27.Rxc1 Rxc1+ 28.Kg2 Ra1
29.e4 Qf6 30.Rd3 Ra2 31.exf5 Qxf5 32.Qxf5 exf5 33.Kf3 f6 34.Ke3 Kf7 35.Rc3 Ke7
36.h4 h5 37.f3 Kf7 38.Kd4 Rg2 39.Kd5 Rxg3 40.Kc6 Rh3 41.Kxb6 Rxh4 42.Kxa6 Rf4
43.b5 Ra4+ 44.Kb7 h4 45.f4 Rxf4 46.b6 Rg4 47.Ka6 Rg3 48.Rc7+ Kg6 49.a4 h3
50.b7 Rb3 51.Rc1 f4 52.a5 f3 53.Ka7 Kf5 54.b8=Q Rxb8 55.Kxb8 h2 56.a6  1-0

[Event "15th ETC"]
[Site "Gothenburg SWE"]
[Date "2005.08.01"]
[Round "3"]
[White "Stocek,J"]
[Black "Contin,D"]
[Result "1-0"]
[WhiteElo "2592"]
[BlackElo "2393"]

1.d4 Nf6 2.c4 e6 3.Nc3 Bb4 4.Nf3 c5 5.a3 Bxc3+ 6.bxc3 Qa5 7.e3 O-O 8.Qc2 d6
9.Bd3 Nc6 10.O-O e5 11.Bd2 Qc7 12.h3 h6 13.Nh4 Re8 14.d5 e4 15.dxc6 exd3
16.cxb7 dxc2 17.bxa8=Q Bb7 18.Qxa7 Ra8 19.Qxa8+ Bxa8 20.f3 Qb6 21.e4 Qb2
22.Rac1 Nd7 23.Nf5 Ne5 24.Ne3 Qb3 25.Nxc2 Nxc4 26.Be1 Bc6 27.Bf2 Nb2 28.Ne3 Qxa3
29.c4 Nd3 30.Ra1 Qc3 31.Rfd1 g6 32.Ra2 Nb2 33.Rxd6 Nxc4 34.Rxc6 Nxe3 35.Re2 Qc1+
36.Re1 Nd1 37.Rd6 c4 38.Rexd1  1-0

[Event "15th ETC"]
[Site "Gothenburg SWE"]
[Date "2005.08.02"]
[Round "4"]
[White "Moiseenko,A"]
[Black "Ong,Kez"]
[Result "1-0"]
[WhiteElo "2664"]
[BlackElo "2371"]

1.d4 Nf6 2.c4 e6 3.Nc3 Bb4 4.Nf3 c5 5.g3 cxd4 6.Nxd4 Ne4 7.Qd3 Qa5 8.Nb3 Nxc3
9.Bd2 Ne4 10.Qxe4 Bxd2+ 11.Nxd2 O-O 12.Bg2 Nc6 13.Qd3 Qe5 14.Rb1 Rd8 15.O-O d5
16.Rfd1 Qf6 17.Qa3 Ne5 18.e4 Bd7 19.exd5 exd5 20.cxd5 Bf5 21.Ne4 Qg6 22.Qe3 Nc4
23.Qd4 Nb6 24.d6 Rac8 25.Rbc1 Bxe4 26.Bxe4 Qxd6 27.Qxd6 Rxd6 28.Bxb7 Rxc1
29.Rxc1 Rd2 30.a4 Rxb2 31.a5 Nd7 32.Rc7 Rd2 33.Bc6 Nf8 34.Rxa7 g6 35.a6 Rd1+
36.Kg2 Ra1 37.Be8 f5 38.Bf7+ Kh8 39.Bc4 Ra4 40.Rc7 Ne6 41.Bxe6  1-0

[Event "15th ETC"]
[Site "Gothenburg SWE"]
[Date "2005.08.04"]
[Round "6"]
[White "Stocek,J"]
[Black "Mchedlishvili,M"]
[Result "0-1"]
[WhiteElo "2592"]
[BlackElo "2549"]

1.d4 Nf6 2.c4 e6 3.Nc3 Bb4 4.Nf3 c5 5.g3 cxd4 6.Nxd4 Ne4 7.Qd3 Bxc3+ 8.bxc3 Nc5
9.Qf3 d6 10.Bg2 Nbd7 11.O-O Ne5 12.Qh5 O-O 13.Rd1 Nxc4 14.Nb3 Nd7 15.Bg5 Qc7
16.Rd4 f6 17.Bf4 Nde5 18.e3 Nf7 19.Rad1 e5 20.Be4 f5 21.Rxc4 Qxc4 22.Bd5 Qc7
23.Bg5 Re8 24.e4 g6 25.Qf3 Be6 26.Bxe6 Rxe6 27.exf5 Nxg5 28.Qg4 Rf6 29.Qxg5 Rxf5
30.Qe3 b6 31.Nd2 Qc5 32.Qe2 d5 33.Nb3 Qc4 34.Qe3 Raf8 35.Rd2 Qe4 36.Qxe4 dxe4
37.Re2 e3 38.fxe3 Rc8  0-1

[Event "15th ETC"]
[Site "Gothenburg SWE"]
[Date "2005.08.07"]
[Round "9"]
[White "Moiseenko,A"]
[Black "Zelcic,R"]
[Result "1-0"]
[WhiteElo "2664"]
[BlackElo "2522"]

1.d4 Nf6 2.c4 e6 3.Nc3 Bb4 4.Nf3 c5 5.g3 cxd4 6.Nxd4 O-O 7.Bg2 d5 8.O-O dxc4
9.Qa4 Na6 10.Ndb5 Nd5 11.Rd1 Bd7 12.Nxd5 exd5 13.Bxd5 Qb6 14.Bxc4 Qc6 15.Be3 Qxc4
16.Rxd7 Qxe2 17.Rxb7 Rae8 18.Nd4 Qxb2 19.Rd1 Qa3 20.Rxb4 Qxb4 21.Qxa6 Rd8
22.Qxa7 Ra8 23.Qd7 Rfd8 24.Qc7 Qa4 25.Rd2 Rac8 26.Qb7 Rb8 27.Qe4 h5 28.Kg2 Rd7
29.Qe5 Qa8+ 30.Nf3 Rxd2 31.Bxd2 h4 32.Bc3 f6 33.Qe6+ Kh7 34.Qh3 Qe4 35.Qxh4+ Qxh4
36.Nxh4 Ra8 37.Bd4 Rxa2 38.Be3 Ra5 39.g4 Ra4 40.Kg3 Ra1 41.Nf3 Ra4 42.h4 Kg8
43.Nd4 Kf7 44.Nf5 Ra3 45.h5 Rb3 46.f4 Ra3 47.Kf3 Ra2 48.Nd4 Rb2 49.f5 Ra2
50.Ne6 Ra8 51.Bc5 Rc8 52.Ke4 Kg8 53.Bf8  1-0

[Event "9th Open"]
[Site "Genova ITA"]
[Date "2005.08.09"]
[Round "2"]
[White "Chatalbashev,B"]
[Black "Brancaleoni,M"]
[Result "1-0"]
[WhiteElo "2499"]
[BlackElo "2314"]

1.d4 Nf6 2.c4 e6 3.Nc3 Bb4 4.Nf3 d5 5.cxd5 exd5 6.Bg5 Nbd7 7.Rc1 c6 8.e3 Qa5
9.Bd3 Qxa2 10.O-O Qa5 11.Ne5 Nxe5 12.dxe5 Ng4 13.Bf4 f6 14.e4 fxe5 15.Bg3 d4
16.Nd5 Bd6 17.h3 O-O 18.hxg4 cxd5 19.exd5 Kh8 20.Be4 Bd7 21.Kh2 Rf7 22.Rh1 g6
23.Kg1 Kg8 24.Rh6 Rc8 25.Bxg6 hxg6 26.Rxg6+ Rg7 27.Rxc8+ Bxc8 28.Rxd6 Bxg4
29.f3 Bxf3 30.Qc1 Bg4 31.Bxe5 d3 32.b4 Qa2 33.Rd8+ Kh7 34.Rh8+ Kg6 35.Qh6+  1-0

[Event "ch-AUT Qualifier"]
[Site "Gmunden AUT"]
[Date "2005.08.14"]
[Round "2"]
[White "Knoll,H"]
[Black "Neuschmied,S"]
[Result "1-0"]
[WhiteElo "2355"]
[BlackElo "2220"]

1.Nf3 Nf6 2.c4 e6 3.d4 Bb4+ 4.Nc3 c5 5.g3 cxd4 6.Nxd4 Nc6 7.Bg2 a6 8.O-O Qc7
9.Bg5 Be7 10.Rc1 h6 11.Be3 O-O 12.Nb3 Re8 13.Na4 d6 14.Bb6 Qb8 15.e4 Bd7
16.Be3 Qc7 17.Nb6 Rad8 18.f4 Bc8 19.Kh1 Nd7 20.Nxd7 Bxd7 21.Qd2 Bc8 22.Qf2 Qb8
23.a3 Bd7 24.Rfd1 Bf8 25.Rd2 Ne7 26.Ba7 Qc8 27.Bb6 Ba4 28.Bxd8 Rxd8 29.Nd4 d5
30.b3 Bd7 31.e5 dxc4 32.Rxc4 Qb8 33.b4 Ba4 34.Nc2 Nd5 35.Ne3 Nb6 36.Rc1 Rc8
37.Qe1 h5 38.Rd4 g6 39.Qd2 Be7 40.h4 Kg7 41.Kh2 Rc7 42.Rd3 Bb5 43.Rxc7 Qxc7
44.Rc3 Qb8 45.Qd4 Na4 46.Rc2 a5 47.Bf1 Bxf1 48.Nxf1 axb4 49.axb4 b5 50.Qd7 Bxb4
51.Rc7 Qf8 52.Qxe6  1-0

[Event "Independence Cup A"]
[Site "Kiev UKR"]
[Date "2005.08.16"]
[Round "5"]
[White "Shishkin,Va UKR"]
[Black "Shalimov,V UKR"]
[Result "1-0"]
[WhiteElo "2507"]
[BlackElo "2426"]

1.d4 Nf6 2.c4 e6 3.Nc3 Bb4 4.Nf3 O-O 5.Bg5 b6 6.e3 Bb7 7.Bd3 c5 8.dxc5 bxc5
9.Qc2 h6 10.Bh4 Qa5 11.O-O Bxc3 12.bxc3 d6 13.Bxf6 gxf6 14.Rad1 Rd8 15.Nd2 Kf8
16.Ne4 Ke7 17.f4 Nd7 18.Ng3 Rab8 19.e4 Rg8 20.Qd2 Rbd8 21.Rf2 Bc6 22.Bc2 Nb6
23.Bd3 Na4 24.Rc1 Rh8 25.Nh5 Nb6 26.Qe3 Nd7 27.Bf1 Qc7 28.Re1 Bb7 29.Qg3 Qa5
30.e5 Rhg8 31.exd6+ Kxd6 32.Rd1+ Ke7 33.Rxd7+ Rxd7 34.Qxg8 Qxc3 35.f5 e5
36.Qh8 e4 37.Nf4 e3 38.Re2 Rd1 39.Qxh6 Qc1 40.Nd5+ Kd7 41.Nxf6+ Kc7 42.Qf4+ Kb6
43.Nd5+ Bxd5 44.cxd5 c4 45.Qxe3+  1-0

[Event "2nd Open Fincas Mediterranea"]
[Site "Castelldefels ESP"]
[Date "2005.08.23"]
[Round "7"]
[White "Crickmore,N"]
[Black "Hernando Rodrigo,Ju"]
[Result "1-0"]
[WhiteElo "2129"]
[BlackElo "2371"]

1.d4 Nf6 2.c4 e6 3.Nc3 Bb4 4.Nf3 c5 5.g3 O-O 6.Bg2 d5 7.cxd5 Nxd5 8.Qb3 cxd4
9.Nxd4 Nc6 10.Nxc6 bxc6 11.O-O Qa5 12.Bd2 Bxc3 13.bxc3 Ba6 14.Rfd1 Rab8 15.c4 Qc5
16.cxd5 Rxb3 17.axb3 Bxe2 18.Re1 Bb5 19.dxc6 a6 20.Rac1 Qb6 21.Be3 Qa5 22.c7 Bc6
23.b4 Qxc7 24.Rxc6 Qe5 25.Rxa6 Rb8 26.Rb1 Qf5 27.Rba1 h5 28.h4 f6 29.Ba7 Rb5
30.Bc6 Re5 31.b5 Re2 32.Be3 Rxe3 33.fxe3 Qh3 34.Bg2 Qxg3 35.R6a3 Qd6 36.b6  1-0

[Event "V Open"]
[Site "Vila de Marin ESP"]
[Date "2005.08.25"]
[Round "5"]
[White "Petkov,V"]
[Black "Iotov,V"]
[Result "1-0"]
[WhiteElo "2475"]
[BlackElo "2447"]

1.d4 Nf6 2.c4 e6 3.Nc3 Bb4 4.Nf3 b6 5.Bg5 Bb7 6.Nd2 h6 7.Bh4 Bxc3 8.bxc3 d6
9.f3 Nbd7 10.e4 g5 11.Bf2 Qe7 12.Bd3 Nh5 13.g3 f5 14.Qe2 fxe4 15.Bxe4 Bxe4
16.Qxe4 Kf7 17.O-O Nhf6 18.Qd3 Kg7 19.Rae1 Rae8 20.c5 dxc5 21.Nc4 b5 22.Ne3 c4
23.Qb1 Qa3 24.Qxb5 Qxc3 25.Rc1 Qa3 26.Nxc4 Qxa2 27.d5 exd5 28.Bd4 Kg6 29.Bxf6 Nxf6
30.Rf2 c6 31.Ne5+  1-0

[Event "V Open"]
[Site "Vila de Marin ESP"]
[Date "2005.08.28"]
[Round "8"]
[White "Petkov,V"]
[Black "Nanu,C"]
[Result "1/2-1/2"]
[WhiteElo "2475"]
[BlackElo "2434"]

1.d4 Nf6 2.c4 e6 3.Nc3 Bb4 4.Nf3 c5 5.g3 O-O 6.Bg2 d5 7.O-O dxc4 8.dxc5 Nc6
9.Na4 e5 10.Qc2 Be6 11.Rd1 Qe7 12.Be3 h6 13.a3 Ba5 14.Nd2 Bxd2 15.Rxd2 Rfd8
16.Rad1 Rxd2 17.Rxd2 Rd8 18.Qd1 Rxd2 19.Qxd2 Qd7 20.Qd6 Qxd6 21.cxd6 Bd5
22.Bh3 b6 23.Nc3 Kf8 24.Bc8 Be6 25.Bb7 Na5 26.Ba6 Nd5 27.Bd2 Nb3 28.Be1 Nc5
29.Bb5 Nf6 30.f3 Nb7 31.g4 Nxd6 32.Bg3  1/2-1/2

[Event "49th TCh-ESP Honor 2"]
[Site "Sant Lluis ESP"]
[Date "2005.08.31"]
[Round "1"]
[White "Moiseenko,A"]
[Black "Naiditsch,A"]
[Result "1/2-1/2"]
[WhiteElo "2664"]
[BlackElo "2612"]

1.d4 Nf6 2.c4 e6 3.Nc3 Bb4 4.Nf3 c5 5.g3 O-O 6.Bg2 cxd4 7.Nxd4 d5 8.O-O dxc4
9.Qa4 Na6 10.Ndb5 Nd5 11.Rd1 Qe8 12.Nxd5 exd5 13.Bxd5 Bd7 14.Bxc4 Bc6 15.Qb3 Bxb5
16.Bxb5 Qxb5 17.a3 Qxe2 18.axb4 Nxb4 19.Bf4 a5  1/2-1/2

[Event "49th TCh-ESP Honor 2"]
[Site "Sant Lluis ESP"]
[Date "2005.09.02"]
[Round "3"]
[White "Moiseenko,A"]
[Black "Giorgadze,G1"]
[Result "0-1"]
[WhiteElo "2664"]
[BlackElo "2601"]

1.d4 Nf6 2.c4 e6 3.Nc3 Bb4 4.Nf3 d5 5.cxd5 exd5 6.Bg5 O-O 7.e3 c5 8.dxc5 Nbd7
9.Rc1 Qa5 10.Nd2 b6 11.c6 d4 12.cxd7 dxc3 13.bxc3 Bxc3 14.Bxf6 gxf6 15.Rxc3 Qxc3
16.dxc8=Q Raxc8 17.Ba6 Rcd8 18.Ke2 Rd6 19.Qc1 Qa5 20.Bc4 Rc8 21.Rd1 Kg7 22.Qb1 Rcd8
23.Qc2 Qh5+ 24.Ke1 Qxh2 25.Bf1 Qh5 26.Qc3 b5 27.Qb4 a6 28.f3 Qe5 29.Kf2 a5
30.Qxa5 Qb2 31.Kg1 Rxd2 32.Qxd8 Rxd8 33.Rxd8 b4 34.Ra8 f5 35.Ra6 Qd2 36.g3 Qxe3+
37.Kg2 h5 38.f4 h4 39.gxh4 Qxf4 40.h5 Qg4+ 41.Kf2 Qxh5 42.Rc6 Qh4+ 43.Kg1 Qd4+
44.Kh1 Qf2 45.Bg2 f4 46.Rc4 f3 47.Bh3 Qe1+ 48.Kh2 Qe2+  0-1

[Event "Nordic Championships"]
[Site "Vammala FIN"]
[Date "2005.09.03"]
[Round "10"]
[White "Thorfinnsson,Br"]
[Black "Agrest,E"]
[Result "0-1"]
[WhiteElo "2448"]
[BlackElo "2592"]

1.d4 Nf6 2.c4 e6 3.Nc3 Bb4 4.Nf3 b6 5.Bg5 h6 6.Bh4 Bb7 7.e3 Bxc3+ 8.bxc3 d6
9.Nd2 g5 10.Bg3 Nc6 11.Bd3 Qe7 12.f3 O-O-O 13.Qc2 Kb8 14.Nb3 Nh5 15.Bf2 f5
16.a4 a5 17.O-O-O Nf6 18.Kb2 Nd7 19.Rhe1 Qf6 20.Ka2 Rhf8 21.Rb1 Ka8 22.Rb2 e5
23.Reb1 Rb8 24.c5 dxc5 25.dxc5 e4 26.fxe4 fxe4 27.Bb5 Nce5 28.Bg3 Qe6 29.Ka1 Nxc5
30.Nxc5 bxc5 31.Qe2 Ka7 32.Qe1 c4 33.Bxe5 Qxe5 34.Bd7 Qd6 35.Rd2 Bd5 36.Bb5 Qa3+
37.Ra2 Qc5 38.Qg3 Rb7 39.Bd7 Rxb1+ 40.Kxb1 Rf1+ 41.Kc2 Bb7  0-1

[Event "TCh-POL Ekstraliga"]
[Site "Lubniewice POL"]
[Date "2005.09.07"]
[Round "5"]
[White "Radziewicz,I"]
[Black "Skrochocka,J"]
[Result "1-0"]
[WhiteElo "2447"]
[BlackElo "2064"]

1.c4 e6 2.Nf3 Nf6 3.Nc3 Bb4 4.d4 c5 5.e3 O-O 6.Bd3 Nc6 7.O-O Bxc3 8.bxc3 d6
9.Qc2 e5 10.Ng5 h6 11.Nh7 Nxh7 12.Bxh7+ Kh8 13.Be4 Ne7 14.Rb1 Qc7 15.f4 f5
16.fxe5 dxe5 17.Ba3 Rf6 18.Bf3 e4 19.Bh5 b6 20.dxc5 Nc6 21.Qa4 Bb7 22.Rbd1 Ne5
23.Rd6 Rff8 24.Qb5 Bc6 25.cxb6 Bxb5 26.bxc7 Nxc4 27.Rxh6+ gxh6 28.Bxf8 Rxf8
29.Rxf5 Rc8 30.Rxb5 Rxc7 31.Kf2 Kg7 32.Rb4 Kf6 33.Be2 Nd6 34.c4 Rc5 35.g4 Ra5
36.a4 Ke5 37.h4 Kf6 38.Kg3 Rc5 39.Kf4 Ra5 40.Rb8 Rc5 41.Rf8+ Kg7 42.Rd8 Nxc4
43.Bxc4 Rxc4 44.Rd7+ Kf6 45.Rxa7 Rb4 46.Ra6+ Kg7 47.Kf5 Rc4 48.Ra7+ Kg8 49.a5  1-0

[Event "TCh-FIN 2005-6"]
[Site "Helsinki FIN"]
[Date "2005.09.10"]
[Round "1"]
[White "Kanep,M"]
[Black "Sammalvuo,T"]
[Result "1/2-1/2"]
[WhiteElo "2491"]
[BlackElo "2441"]

1.d4 e6 2.c4 Nf6 3.Nc3 Bb4 4.Nf3 b6 5.e3 Ne4 6.Qc2 Bxc3+ 7.bxc3 Bb7 8.Bd3 f5
9.Nd2 Nxd2 10.Bxd2 Qh4 11.O-O Bxg2 12.Kxg2 Qg4+ 13.Kh1 Qf3+ 14.Kg1 Qg4+  1/2-1/2

[Event "Geller mem Open A"]
[Site "Odessa UKR"]
[Date "2005.09.17"]
[Round "3"]
[White "Shishkin,Va UKR"]
[Black "Tishin,D"]
[Result "1-0"]
[WhiteElo "2507"]
[BlackElo "2334"]

1.d4 Nf6 2.c4 e6 3.Nc3 Bb4 4.Nf3 O-O 5.Bg5 b6 6.e3 Bb7 7.Bd3 c5 8.dxc5 Bxc5
9.O-O Be7 10.Rc1 d6 11.Bb1 Nbd7 12.Nb5 a6 13.Nxd6 Bxf3 14.gxf3 Ne5 15.f4 Qxd6
16.Qxd6 Bxd6 17.fxe5 Bxe5 18.b3 Rac8 19.Rcd1 Rfd8 20.Kg2 a5 21.f4 Bc3 22.Kf3 Kf8
23.Bh4 Ke8 24.Ke2 h6 25.Bd3 Rc5 26.Rg1 Rh5 27.Bg3 g6 28.Kf3 e5 29.Be2 e4+
30.Kg2 Rc5 31.Rxd8+ Kxd8 32.Rc1 Bb4 33.Rd1+ Ke7 34.Bh4 g5 35.fxg5 hxg5 36.Bg3 Rf5
37.Be1 Bc5 38.Bd2 g4 39.Bc1 Rf3 40.Bxf3 exf3+ 41.Kg1 Ne4 42.Rd3 f5 43.Bb2 f4
44.Bd4 g3 45.exf4 f2+ 46.Kg2 Bxd4 47.Rxd4 gxh2 48.Rd1 Ke6 49.Kxh2 Kf5 50.Kg2 Kxf4
51.Rd3 Ke5 52.Kf1 Kf4 53.Ke2 Kg4 54.Rd4 Kf4 55.Rd8 Ke5 56.Rb8 Kd4 57.Rxb6 a4
58.bxa4 Kxc4 59.a5 Kc5 60.Rb8  1-0

[Event "21st ECC"]
[Site "Saint Vincent ITA"]
[Date "2005.09.23"]
[Round "6"]
[White "Fish,G"]
[Black "Lautier,J"]
[Result "0-1"]
[WhiteElo "2550"]
[BlackElo "2672"]

1.d4 Nf6 2.c4 e6 3.Nc3 Bb4 4.Nf3 d5 5.e3 O-O 6.Bd3 c5 7.O-O Nc6 8.cxd5 exd5
9.dxc5 Bxc5 10.b3 Bg4 11.Be2 Qe7 12.Bb2 Rfd8 13.Nd4 Bxd4 14.Bxg4 Be5 15.Bh3 Ne4
16.Rc1 d4 17.exd4 Rxd4 18.Nd5 Bxh2+ 19.Kh1 Nxf2+ 20.Rxf2 Rxd1+ 21.Rxd1 Qh4
22.Re2 Bg3 23.Rd3 Qg5 24.Re4 h5 25.Ree3 Be5 26.Ba3 Kh8 27.Rf3 Nd4 28.Rxf7 Qg6  0-1

[Event "Open A"]
[Site "Hamburg GER"]
[Date "2005.10.01"]
[Round "1"]
[White "Rogozenko,D"]
[Black "Stark,T"]
[Result "1-0"]
[WhiteElo "2526"]
[BlackElo "2077"]

1.d4 Nf6 2.c4 e6 3.Nc3 Bb4 4.Nf3 b6 5.Bg5 Bb7 6.e3 O-O 7.Bd3 d6 8.O-O Bxc3
9.bxc3 Nbd7 10.Nd2 Qe7 11.f4 e5 12.fxe5 dxe5 13.Ne4 Bxe4 14.Bxe4 Rae8 15.Bf5 Qa3
16.c5 c6 17.Qf3 exd4 18.exd4 bxc5 19.Qh3 cxd4 20.Bxd7 Nxd7 21.Qxd7 Qxc3 22.Rac1 Qb4
23.Rxc6 Qb5 24.a4 d3 25.Rd6 Qc5+ 26.Kh1 Re2 27.Rxd3 Qe5 28.Qg4 Ra2 29.Bf6  1-0

[Event "Vojvodina Quality League"]
[Site "Pancevo SCG"]
[Date "2005.10.05"]
[Round "4"]
[White "Bodiroga,P"]
[Black "Ilincic,Z"]
[Result "1/2-1/2"]
[WhiteElo "2438"]
[BlackElo "2540"]

1.d4 Nf6 2.c4 e6 3.Nf3 Bb4+ 4.Nc3 b6 5.Bg5 Bb7 6.Nd2 h6 7.Bh4 Nc6 8.a3 Bxc3
9.bxc3 Ne7 10.f3 Nf5 11.Bf2 d5 12.Qb1 Qd7 13.e4 dxe4 14.fxe4 Ne7 15.Be2 e5
16.O-O Ng6 17.Bg3 Ng4 18.Bxg4 Qxg4 19.d5 Nh4 20.Rf2 O-O 21.h3 Qd7 22.c5 c6
23.d6 b5 24.Qb3 Bc8 25.a4 bxa4 26.Rxa4 Qe8 27.Nf3 Nxf3+ 28.Rxf3 Be6 29.Qb7 Qd7
30.Qxd7 Bxd7 31.Ra6 Rfb8 32.Rf1 f6 33.Rfa1 Kf7 34.Rxa7 Rxa7 35.Rxa7  1/2-1/2

[Event "Open A"]
[Site "Hamburg GER"]
[Date "2005.10.06"]
[Round "6"]
[White "Stanke,J"]
[Black "Berg,K"]
[Result "1-0"]
[WhiteElo "2334"]
[BlackElo "2402"]

1.d4 Nf6 2.c4 e6 3.Nc3 Bb4 4.Nf3 c5 5.Bd2 cxd4 6.Nxd4 O-O 7.e3 Nc6 8.a3 Be7
9.Nxc6 bxc6 10.Be2 d5 11.O-O e5 12.Qc2 Be6 13.Rfd1 Rc8 14.e4 d4 15.Na4 c5
16.b4 Nd7 17.f4 exf4 18.Bxf4 cxb4 19.axb4 Bxb4 20.Qb2 Qf6 21.Bg3 Bc3 22.Nxc3 dxc3
23.Qc2 Nb6 24.Bd6 Rfd8 25.c5 Nd7 26.e5 Nxe5 27.Ba6 Nc4 28.Bxc8 Rxc8 29.Qe4 c2
30.Rdc1 g6 31.Rxa7 Qb2 32.Bf4 Na3 33.Ra8 Rxa8 34.Qxa8+ Kg7 35.Qe4 Nc4 36.Qxc2 Qd4+
37.Qf2 Qd5 38.h3 h6 39.Be3 Nxe3 40.Qxe3 Bc8 41.c6 h5 42.Qc5 Qd8 43.Qe5+ f6
44.Qc5 g5 45.Rf1 g4 46.h4 Kg6 47.Re1 g3 48.Qe3 Qc7 49.Rc1 Qd6 50.Qe8+ Kh7
51.Qxc8 Qd4+ 52.Kh1 Qxh4+ 53.Qh3  1-0